000
00320nam a22001217a 4500
999
_c
9614
_d
9614
003
OSt
008
201210b ||||| |||| 00| 0 eng d
245
_a
Seminar
250
_a
2011(Jan, Feb, Apr, Jul, Aug, Sep, Oct, Nov)
260
_a
New Delhi
_b
AFL Pvt. Ltd. (Malvika Singh)
650
_a
Applied Science
942
_2
ddc
_c
BV